00560 2200205 4500001002100000005001500021035002000036007000300056008004100059020002200100082001100122084001700133100001100150245005400161260003400215300004400249650002000293856003000313990001100343INLIS00000000000021720231031083940 a0010-1023000153ta231031 0  a978-602-344-300-6 a633.74 a633.74 RUB b1 aRubiyo1 aBudidaya dengan Pengelolaan Tanaman Terpadu Kakao aJakarta :bIAARD Press,c2016 axvi,;154 hlm :billus, ;c15 cm x 21 cm 4abudidaya, kakao aperpustakaan bpsip sumbar a901/19